Robin Williams Movies Quiz Stats

 Plays Quiz Updated Nov 23, 2018

Support Sporcle.
Go Orange.
Score 0/65 Timer 08:00
1 Play Today
Year Movie Title % Correct
1993Mrs. Doubtfire
77.9%
2014Night at the Museum: Secret of the Tomb
76.4%
1992Aladdin
73.1%
2006Night at the Museum
72.3%
1998Patch Adams
67.4%
1997Good Will Hunting
63.1%
1995Jumanji
59.7%
1987Good Morning, Vietnam
58%
1989Dead Poets Society
55.4%
1997Flubber
52.4%
2009Night at the Museum: Battle of the Smithsonian
52.1%
1991Hook
50.2%
1996Jack
49.6%
2002One Hour Photo
49.3%
1982The World According to Garp
38.9%
1996The Birdcage
35.5%
2006RV
33.8%
2002Insomnia
31.2%
2007License to Wed
28.9%
1980Popeye
28.7%
1990Awakenings
28.4%
2013Lee Daniels' The Butler
28.1%
1999Bicentennial Man
26.1%
1992Toys
24.9%
2002Death to Smoochy
24.3%
2006Happy Feet
23.9%
1998What Dreams May Come
23.7%
1991The Fisher King
23.4%
1999Jakob the Liar
21.6%
2005Robots
20.6%
2006Man of the Year
20%
1984Moscow on the Hudson
18.5%
2009Old Dogs
15.4%
Year Movie Title % Correct
2015Absolutely Anything
14.6%
2014The Angriest Man in Brooklyn
14.4%
1995Nine Months
14.2%
1992FernGully: The Last Rainforest
13.5%
2014A Merry Friggin' Christmas
13.5%
2001A.I. Artificial Intelligence
13.4%
2011Happy Feet Two
13.1%
1997Fathers' Day
12.2%
1996Hamlet
11.9%
2013The Big Wedding
11.7%
2009World's Greatest Dad
10.8%
2007August Rush
10.3%
1990Cadillac Man
10.2%
2014Boulevard
9.3%
2004Final Cut
7.5%
2006The Night Listener
7.5%
1991Shakes the Clown
6.9%
1986The Best of Times
6.9%
1988The Adventures of Baron Munchausen
6.4%
2013The Face of Love
6.4%
1991Dead Again
6.3%
1986Club Paradise
6.2%
1983The Survivors
5.7%
2005House of D
5.6%
1995To Wong Foo, Thanks for Everything, Julie Newmar
5.4%
1993Being Human
4.9%
1986Seize the Day
4.8%
1997Deconstructing Harry
4.6%
2005The Big White
4.2%
2009Shrink
3.8%
2006Everyone's Hero
3.5%
1996The Secret Agent
3.3%

You're not logged in!

Compare scores with friends on all Sporcle quizzes.
OR
Log In

From the Vault

2013 Movies Slideshow

by survivordude56

You're about to get 2013's most popular movie song stuck in your head as well.
Remove Ads.
Support Sporcle.
Get the best of Sporcle when you Go Orange. This ad-free experience offers more features, more stats, and more fun while also helping to support Sporcle. Thank you for becoming a member.

Show Comments

Extras

Top Quizzes Today


Score Distribution

Your Account Isn't Verified!

In order to create a playlist on Sporcle, you need to verify the email address you used during registration. Go to your Sporcle Settings to finish the process.

Report this User

Report this user for behavior that violates our Community Guidelines.

Details: